000 00576nas a2200205 4500
001 BR8603488
003 BR-BrBNA
005 20231205090540.0
007 ta
008 230509b bl.|||p| |||| 00| 00por d
040 _aBR-BrBNA
_bpor
_cBiblioteca Nacional de Agricultura
041 _a(Pt)
072 _aF04
100 1 _aPrimi, L.
245 1 _aAdubacao; mais verde na sua terra
650 _aADUBACAO VERDE
773 0 _tRaizes (Brazil)
_xISSN 0101-0956
_g(Aug 1986), v. 11(121) p. 20-28
_wBR8603488
909 _a202311
_bLúcia
_c55
_dLúcia Elande
942 _2AGRIS
_n0
_cANA
999 _c119226
_d119226